[Event "Memorial Boskovic"]
[Site "masterchessopen.com Belgrade (Serbia)"]
[Date "2009.09.29"]
[Round "1"]
[White "Tadic Branko (SRB)"]
[Black "Bozinovic Boban (AUT)"]
[Result "1-0"]
[WhiteElo "2524"]
[BlackElo "2114"]

1.Nf3 Nf6 2.c4 e6 3.g3 d5 4.d4 Bb4+ 5.Bd2 a5 6.Bg2 O-O 7.O-O Ne4 8.Bf4 Bd6
9.Bxd6 Qxd6 10.Qc2 Nd7 11.Nc3 Nxc3 12.Qxc3 Qb4 13.Qxb4 axb4 14.cxd5 exd5
15.Ne1 b3 16.Bxd5 bxa2 17.Bxa2 Nb6 18.Nd3 Bh3 19.Rfc1 c6 20.Bb3 Rfd8 21.e3 g5
22.Ne5 Be6 23.Bxe6 fxe6 24.g4 Nd5 25.Kg2 Kg7 26.Kg3 h6 27.Nd3 Kf7 28.Nc5 b6
29.Nd3 Ne7 30.Ne5+ Kg7 31.Rxa8 Rxa8 32.b4 b5 33.Rc5 Ra6 34.h4 Kf6 35.hxg5+
hxg5 36.Kf3 Ra4 37.Nxc6 Nxc6 38.Rxc6 Ke7 39.Rc5 Rxb4 40.Rxg5 Rb1 41.Ke4 Kf6
42.Rc5 b4 43.Rb5 b3 44.g5+ Kg6 45.Ke5 {#r} 1-0

[Event "Memorial C.Torre (open)"]
[Site "masterchessopen.com Merida (Mexico)"]
[Date "2008.12.15"]
[Round "4"]
[White "Meier Georg (GER)"]
[Black "Mitkov Nikola (MKD)"]
[Result "1-0"]
[WhiteElo "2558"]
[BlackElo "2556"]

1.d4 Nf6 2.c4 e6 3.Nf3 d5 4.g3 Bb4+ 5.Bd2 Be7 6.Bg2 c6 7.O-O Nbd7 8.Qc2 b6
9.Bf4 Ba6 10.Ne5 Nxe5 11.dxe5 Nd7 12.cxd5 cxd5 13.Rd1 Rc8 14.Nc3 b5 15.e4 b4
16.Qa4 bxc3 17.Qxa6 c2 18.Rd4 O-O 19.exd5 Nxe5 20.Rc1 Ng6 21.Be3 Bc5 22.Rd2
Bxe3 23.fxe3 exd5 24.Qxa7 Ne7 25.a3 Rc7 26.Qd4 Nf5 27.Qf4 g6 28.e4 Rc4 29.Qf2
Nh6 30.h3 d4 31.Rdxc2 Rxc2 32.Rxc2 Qb6 33.b4 Rd8 34.Rc5 Kg7 35.g4 f6 36.e5 f5
37.Bd5 d3 38.Qd4 Ng8 39.e6+ Kf8 40.gxf5 gxf5 41.e7+ Kxe7 42.Qg7+ Kd6 43.Bxg8
d2 44.Qf6+ Kd7 45.Qf7+ {#r} 1-0

[Event "Memorial Erkel"]
[Site "masterchessopen.com Gyula (Hungary)"]
[Round "5"]
[White "Zimmerman Yuri (ISR)"]
[Black "Toth Janos (HUN)"]
[Result "1-0"]
[WhiteElo "2380"]
[BlackElo "1890"]

1.d4 Nf6 2.c4 e6 3.Nf3 d5 4.g3 Bb4+ 5.Bd2 Bxd2+ 6.Qxd2 O-O 7.Nc3 Qe7 8.Bg2 Rd8
9.Rd1 Ne4 10.Qc2 Qb4 11.O-O Nxc3 12.Qxc3 a5 13.cxd5 Qxc3 14.bxc3 exd5 15.c4
Be6 16.Ng5 Bg4 17.Bxd5 Bxe2 18.Bxf7+ Kh8 19.Bd5 Rf8 20.Ne6 Rf7 21.Rfe1 Bxd1
22.Nxc7 Rf8 23.Nxa8 Nc6 24.Rxd1 Rxa8 25.Rb1 Nxd4 26.Rxb7 Ne2+ 27.Kg2 Nc3
28.Bf3 Rc8 29.c5 Nxa2 30.c6 g6 31.c7 {#r} 1-0

[Event "Memorial F.Campomanes (open)"]
[Site "masterchessopen.com Manila (Philippines)"]
[Round "6"]
[White "Gomez John Paul (PHI)"]
[Black "Zhang Zhong (SIN)"]
[Result "0-1"]
[WhiteElo "2527"]
[BlackElo "2582"]

1.d4 d5 2.c4 e6 3.Nf3 Nf6 4.g3 Bb4+ 5.Bd2 Be7 6.Bg2 c6 7.Qc2 O-O 8.O-O Nbd7
9.Rd1 b6 10.Bf4 Bb7 11.Nc3 Nh5 12.Bc1 f5 13.Ne5 Nhf6 14.Qb3 Kh8 15.Bf4 Nxe5
16.Bxe5 Nd7 17.Bf4 g5 18.Bd2 Bd6 19.a4 a5 20.c5 Be7 21.Rac1 Ba6 22.cxb6 Bc4
23.Qc2 Qxb6 24.Re1 Qb3 25.Nd1 Qxc2 26.Rxc2 Rfc8 27.e4 Bd3 28.Rc1 fxe4 29.f3
Bf6 30.fxe4 Bxd4+ 31.Kh1 Nc5 32.exd5 cxd5 33.Bxg5 Ne4 34.Rxc8+ Rxc8 35.Be3 e5
36.Kg1 Rc2 37.Bf1 Bxf1 38.Rxf1 Re2 39.Bxd4 exd4 40.Nf2 d3 41.Nh3 Rxb2 42.Nf4
d2 43.Nxd5 Rc2 44.Ne3 Rc1 45.Nd1 Nc3 {#R} 0-1

[Event "Memorial G.Tringov (open)"]
[Site "masterchessopen.com Plovdiv (Bulgaria)"]
[Date "2011.02.01"]
[Round "4"]
[White "Spassov Liuben (BUL)"]
[Black "Georgiev Vladimir (MKD)"]
[Result "0-1"]
[WhiteElo "2367"]
[BlackElo "2574"]

1.d4 Nf6 2.c4 e6 3.Nf3 d5 4.g3 Bb4+ 5.Bd2 Be7 6.Bg2 c6 7.Qc2 b6 8.O-O Ba6 9.b3
Nbd7 10.a4 O-O 11.Rd1 Ne4 12.Be1 Bf6 13.e3 Rc8 14.Na3 Qe7 15.Qa2 g5 16.h3 Bg7
17.Rac1 f5 18.b4 Bb7 19.cxd5 cxd5 20.Nb5 a6 21.Na7 Ra8 22.Nc6 Qd6 23.Qc2 Rac8
24.b5 a5 25.Bf1 Nb8 26.Qb2 Bxc6 27.bxc6 Nxc6 28.Rb1 Rb8 29.Rdc1 g4 30.Nd2 Ng5
31.h4 Nf7 32.Qb5 Ne7 33.Nb3 Qd8 34.Rc2 Nd6 35.Qa6 Ra8 36.Qd3 Rc8 37.Rxc8 Nexc8
38.Qc2 Qd7 39.Nc1 f4 40.gxf4 Nf5 41.Bd3 Nxh4 42.Bxh7+ Kh8 43.Bd3 Qf7 44.Ne2
Nf3+ 45.Kf1 Nh2+ 46.Kg1 Nf3+ 47.Kf1 Nh2+ 48.Kg1 Qh5 49.Ng3 Qh3 50.f3 Nxf3+
51.Kf2 Nxe1 52.Rxe1 Qh2+ 53.Kf1 Qxg3 54.Re2 Qh3+ 55.Kg1 Qg3+ 56.Rg2 Nd6 57.Qc6
Rc8 {#R} 0-1

[Event "Memorial G.Tringov (open)"]
[Site "masterchessopen.com Plovdiv (Bulgaria)"]
[Date "2011.02.06"]
[Round "9"]
[White "Tadic Branko (SRB)"]
[Black "Spassov Liuben (BUL)"]
[Result "1-0"]
[WhiteElo "2486"]
[BlackElo "2367"]

1.Nf3 Nf6 2.c4 e6 3.g3 d5 4.d4 Bb4+ 5.Bd2 Be7 6.Bg2 c6 7.Qc2 O-O 8.O-O b6
9.Bf4 Bb7 10.Rd1 Nbd7 11.Nc3 dxc4 12.e4 h6 13.h3 Rc8 14.a4 a6 15.g4 Re8 16.Be3
Qc7 17.g5 hxg5 18.Bxg5 Nh5 19.e5 c5 20.d5 exd5 21.Nxd5 Bxd5 22.Rxd5 Nf8
23.Qxc4 Bxg5 24.Nxg5 Ng6 25.e6 f6 26.e7 b5 27.axb5 axb5 28.Qg4 fxg5 29.Rxg5
Nf6 30.Bd5+ {#r} 1-0

[Event "Memorial Georgiev-Kesarovski (open)"]
[Site "masterchessopen.com Sunny Beach (Bulgaria)"]
[Date "2010.09.01"]
[Round "5"]
[White "Filip Lucian (ROM)"]
[Black "Spassov Liuben (BUL)"]
[Result "1-0"]
[WhiteElo "2492"]
[BlackElo "2383"]

1.Nf3 Nf6 2.c4 e6 3.g3 d5 4.d4 Bb4+ 5.Bd2 a5 6.Bg2 dxc4 7.O-O Nc6 8.Bg5 h6
9.Bxf6 Qxf6 10.e3 O-O 11.a3 Bd6 12.Nfd2 e5 13.d5 Na7 14.Nxc4 b6 15.Nbd2 Qe7
16.Qb3 Ba6 17.Rfc1 Rab8 18.Rc2 Bb5 19.Rac1 Rb7 20.Bf1 a4 21.Qc3 Bxc4 22.Nxc4
Nc8 23.Bh3 f5 24.e4 g6 25.Re1 f4 26.Bxc8 Rxc8 27.Nxd6 Qxd6 28.Qc6 Rbb8 29.Rec1
Rd8 30.Qxc7 fxg3 31.hxg3 Qf6 32.Rc6 Qg5 33.Re6 {#r} 1-0

[Event "Memorial Gumerov (open)"]
[Site "masterchessopen.com Ufa (Russia)"]
[Date "2012.08.07"]
[Round "7"]
[White "Shajakhmetov Linat (RUS)"]
[Black "Litvinov Maxim (RUS)"]
[Result "0-1"]
[WhiteElo "2040"]
[BlackElo "2004"]

1.Nf3 Nf6 2.c4 e6 3.g3 d5 4.d4 Bb4+ 5.Bd2 Be7 6.Bg2 O-O 7.O-O Nbd7 8.Bc3 Ne4
9.Qc2 b6 10.cxd5 exd5 11.Nbd2 Nxc3 12.Qxc3 Bb7 13.b4 c5 14.bxc5 bxc5 15.e3 c4
16.Ne5 Nxe5 17.dxe5 Qc7 18.e4 dxe4 19.Nxe4 Rfd8 20.Rfd1 Rab8 21.Rxd8+ Rxd8
22.Rc1 Ba6 23.Nd2 Bg5 24.f4 Be7 25.Kh1 Qc5 26.Ne4 Qb6 27.Qc2 Qd4 28.Qa4 Qb2
29.Rg1 Qb5 30.Qxb5 Bxb5 31.Nc3 Ba6 32.Nd5 Bc5 33.Rc1 Ba3 34.Rc2 Rb8 35.h4 Rb1+
36.Kh2 Rb2 37.Rxb2 Bxb2 38.Nb4 c3 39.Be4 Bc4 40.Bc2 Ba3 41.Nc6 a6 42.Bb1 Bxa2
43.Bc2 Bd5 44.Nd4 a5 45.Ba4 Bc5 46.Nc2 Kf8 47.g4 Ke7 48.Kg3 Ke6 49.h5 Be4
50.Bb3+ Bd5 51.Ba4 Be4 52.Bb3+ Kd7 53.f5 Bc6 54.Kf4 f6 55.exf6 gxf6 56.g5
fxg5+ 57.Kxg5 a4 58.Be6+ Ke7 59.Kh6 Be4 60.Na1 c2 61.Nxc2 Bxc2 62.Kxh7 Bb3
63.Kg7 Bd4+ {#R} 0-1

[Event "Memorial Izmailov (open)"]
[Site "masterchessopen.com Tomsk (Russia)"]
[Date "2008.06.25"]
[Round "1"]
[White "Temirbaev Serik (KAZ)"]
[Black "Karpov Viktor (RUS)"]
[Result "1-0"]
[WhiteElo "2489"]
[BlackElo "2149"]

1.d4 Nf6 2.c4 e6 3.Nf3 d5 4.g3 Bb4+ 5.Bd2 Bxd2+ 6.Nbxd2 O-O 7.Bg2 Nc6 8.O-O
Qe7 9.a3 a5 10.Qc2 Rd8 11.Rad1 h6 12.e4 dxe4 13.Nxe4 Nxe4 14.Qxe4 Ra6 15.c5
Qf6 16.Rfe1 a4 17.Ne5 Nxe5 18.dxe5 Qe7 19.Rxd8+ Qxd8 20.Qc2 Qe7 21.Rd1 Ra8
22.Qd3 g6 23.Qd8+ Qxd8 24.Rxd8+ Kg7 25.h4 f6 26.f4 g5 27.exf6+ Kxf6 28.fxg5+
hxg5 29.h5 g4 30.Be4 Kg7 31.Kf2 Kh6 32.Rh8+ Kg7 33.Rh7+ Kf6 34.h6 {#r} 1-0

[Event "Memorial J.Capablanca (b)"]
[Site "masterchessopen.com Matanzas (Cuba)"]
[Round "8"]
[White "Hergott Deen (CAN)"]
[Black "Diaz Joaquin C (CUB)"]
[Result "1-0"]
[WhiteElo "2430"]
[BlackElo "2445"]

1.d4 Nf6 2.Nf3 d5 3.c4 e6 4.g3 Bb4+ 5.Bd2 Be7 6.Bg2 O-O 7.O-O dxc4 8.Qc2 a6
9.Qxc4 b5 10.Qc2 Bb7 11.Rc1 Bd6 12.a4 b4 13.Bg5 Nbd7 14.Nbd2 c5 15.Bxf6 Nxf6
16.dxc5 Rc8 17.Nb3 Ne4 18.Ng5 Bxc5 19.Nxe4 Bxf2+ 20.Kxf2 Rxc2 21.Rxc2 Qa8
22.Nbc5 Bd5 23.Bf3 Qa7 24.Kg2 h6 25.Nd2 Rd8 26.Rac1 g5 27.Bxd5 exd5 28.Nf3 d4
29.Nd3 Qe7 30.Nde5 Qe8 31.Rd2 Qxa4 32.Rc7 Qa5 33.Rdc2 d3 34.Nxd3 g4 35.Nfe5 b3
36.R2c5 Qd2 37.Nf4 Re8 38.Rc8 Rxc8 39.Rxc8+ Kg7 40.Ned3 a5 41.Kf2 a4 42.Ra8
Qd1 43.Rxa4 Qh1 44.Ng2 Qxh2 45.Nf4 h5 46.Ra5 h4 47.Rg5+ Kf8 48.gxh4 Qh1
49.Rxg4 {#r} 1-0

[Event "Memorial Jose Marca (open)"]
[Site "masterchessopen.com Lima (Peru)"]
[Date "2008.01.18"]
[Round "4"]
[White "Cori T Deysi (PER)"]
[Black "Quiroz Christian (PER)"]
[Result "1-0"]
[WhiteElo "2279"]
[BlackElo "2102"]

1.d4 Nf6 2.Nf3 e6 3.c4 d5 4.g3 Bb4+ 5.Bd2 Qe7 6.Bg2 O-O 7.O-O Bxd2 8.Nbxd2 Rd8
9.Qc2 Nc6 10.Rad1 e5 11.dxe5 Nxe5 12.Nxe5 Qxe5 13.cxd5 Qxe2 14.Qxc7 Bg4 15.h3
Rd7 16.Qa5 Qxd1 17.Rxd1 Bxd1 18.Nc4 Rad8 19.Ne3 b6 20.Qb4 Be2 21.Nf5 h6 22.d6
Bd3 23.Ne7+ Kh7 24.Nc6 Re8 25.Qd4 Bg6 26.Ne5 Rdd8 27.f4 Re6 28.d7 Kg8 29.g4
Re7 30.Qd6 Kf8 31.Bc6 Be4 32.Qc7 {#r} 1-0

[Event "Memorial K.Asrian (open)"]
[Site "masterchessopen.com Jermuk (Armenia)"]
[Date "2012.06.18"]
[Round "3"]
[White "Melkumyan Hrant (ARM)"]
[Black "Mkrtchian Lilit (ARM)"]
[Result "1-0"]
[WhiteElo "2642"]
[BlackElo "2449"]

1.d4 Nf6 2.c4 e6 3.g3 d5 4.Nf3 Bb4+ 5.Bd2 Be7 6.Bg2 c6 7.Qb3 O-O 8.O-O b6
9.Nc3 Bb7 10.a4 Nbd7 11.cxd5 cxd5 12.Rfc1 Ne4 13.a5 Ba6 14.Nxe4 dxe4 15.Ne1
Bxe2 16.Bxe4 Rc8 17.Rxc8 Qxc8 18.axb6 axb6 19.Ra7 Bf6 20.Bc3 Bc4 21.Qc2 g6
22.Bb4 Rd8 23.Bd6 Nb8 24.Bc7 b5 25.Bxd8 Qxd8 26.b3 Bxd4 27.Ra8 Bd5 28.Bxd5
exd5 29.Nf3 Bb6 30.Ne5 Bc7 31.Nc6 Qe8 32.Nd4 Bd6 33.Qe2 Qxe2 34.Nxe2 Kg7
35.Nc3 {#r} 1-0

[Event "Memorial Karen Asrian (open)"]
[Site "masterchessopen.com Jermuk (Armenia)"]
[Date "2011.06.17"]
[Round "2"]
[White "Batsiashvili Nino (GEO)"]
[Black "Pashikian Arman (ARM)"]
[Result "1-0"]
[WhiteElo "2413"]
[BlackElo "2618"]

1.d4 Nf6 2.c4 e6 3.Nf3 d5 4.g3 Bb4+ 5.Bd2 Be7 6.Bg2 Nbd7 7.O-O c6 8.Qb3 Nb6
9.cxd5 exd5 10.Ba5 Bf5 11.Nc3 O-O 12.Na4 Nfd7 13.Ne5 Nxe5 14.dxe5 Qb8 15.Nxb6
axb6 16.Bc3 b5 17.a3 Ra4 18.Rad1 Bc5 19.e3 Rd8 20.Rd2 h5 21.Bd4 Qa7 22.Qd1 Be4
23.f3 Bf5 24.f4 Ra8 25.h3 Bxd4 26.exd4 Be4 27.f5 g6 28.fxg6 Bxg6 29.Kh2 b4
30.axb4 Rxb4 31.e6 f5 32.Bf3 Qb6 33.Rff2 Ra2 34.Bxh5 Rbxb2 35.Bxg6 Rxd2
36.Rxd2 Qxd4 37.Rxa2 Qxd1 38.e7 {#r} 1-0

[Event "Memorial Karen Asrian (open)"]
[Site "masterchessopen.com Jermuk (Armenia)"]
[Date "2011.06.19"]
[Round "4"]
[White "Dilanian Grigor (ARM)"]
[Black "Pashikian Arman (ARM)"]
[Result "0-1"]
[WhiteElo "2289"]
[BlackElo "2618"]

1.d4 Nf6 2.Nf3 d5 3.c4 e6 4.g3 Bb4+ 5.Bd2 Be7 6.Bg2 Nbd7 7.Qc2 c6 8.O-O b6
9.Bf4 O-O 10.Rd1 Ba6 11.b3 Rc8 12.Nc3 h6 13.e4 dxc4 14.Nd2 b5 15.bxc4 bxc4
16.Na4 c5 17.d5 exd5 18.exd5 Nh5 19.Be3 Bf6 20.Rab1 Bd4 21.Nxc4 Bxc4 22.Qxc4
Bxe3 23.fxe3 Re8 24.e4 Ne5 25.Qe2 Qg5 26.Rf1 g6 27.Rb7 c4 28.Bh3 Rb8 29.Rxb8
Rxb8 30.Qf2 Qe7 31.Qc5 Qxc5+ 32.Nxc5 Rb2 33.Nd7 Nxd7 34.Bxd7 c3 35.e5 c2
36.Ba4 Rxa2 37.Bb3 Rb2 38.Ba4 Ra2 39.Bb3 Rb2 40.Ba4 Ng7 41.e6 fxe6 42.d6 e5
43.d7 Ne6 44.Bxc2 Rxc2 45.Rf6 Nd8 46.Rxg6+ Kh7 {#R} 0-1

[Event "Memorial Karl Mala (open)"]
[Site "masterchessopen.com Frankfurt (Germany)"]
[Date "2008.06.28"]
[Round "4"]
[White "Geringer Waldemar (GER)"]
[Black "Wolf Felix"]
[Result "1-0"]
[WhiteElo "1947"]
[BlackElo "1398"]

1.d4 Nf6 2.c4 e6 3.Nf3 d5 4.g3 Bb4+ 5.Bd2 Bxd2+ 6.Qxd2 Ne4 7.Qc2 Nd7 8.Bg2 c6
9.O-O Nb6 10.Nbd2 Nxd2 11.Nxd2 Qf6 12.e3 O-O 13.b4 Bd7 14.a4 Rfe8 15.f4 Rac8
16.c5 Na8 17.Nf3 Red8 18.g4 Nc7 19.Qe2 a6 20.g5 Qe7 21.h4 Na8 22.Ne5 Nc7
23.Bh3 g6 24.h5 Kf8 25.hxg6 hxg6 26.Qh2 Kg7 27.Kf2 Rh8 28.Rh1 Rh5 29.Qg2 Rch8
30.Bg4 R5h7 31.Rxh7+ Rxh7 32.Rh1 Be8 33.Rxh7+ Kxh7 34.Qh3+ Kg8 35.Be2 Qf8
36.Ng4 Qg7 37.Nf6+ Kf8 38.Qh6 {#r} 1-0

[Event "Memorial Karl Mala (open)"]
[Site "masterchessopen.com Frankfurt (Germany)"]
[Date "2009.07.16"]
[Round "1"]
[White "Voss Chantal (GER)"]
[Black "Molka Pia"]
[Result "1-0"]
[WhiteElo "1861"]
[BlackElo "688"]

1.d4 d5 2.c4 e6 3.Nf3 Nf6 4.g3 Bb4+ 5.Bd2 Nc6 6.Bg2 O-O 7.O-O h6 8.Bxb4 Nxb4
9.Nbd2 b6 10.Ne5 Ba6 11.a3 Qd6 12.axb4 Bb7 13.c5 bxc5 14.bxc5 Qd8 15.c6 Bc8
16.Ra5 Rb8 17.Rxa7 Rxb2 18.Ra8 Rb5 19.Qa4 Rb2 20.Rd1 Ne4 21.Nxe4 dxe4 22.Bxe4
Rxe2 23.Bc2 Rxe5 24.dxe5 Qe7 25.Qd4 Qg5 26.Qc5 Re8 27.Ra7 Qe7 28.Qxe7 Rxe7
29.Rd8+ Re8 30.Rxe8# 1-0

[Event "Memorial Karl Mala (open)"]
[Site "masterchessopen.com Frankfurt (Germany)"]
[Date "2009.07.17"]
[Round "3"]
[White "Traut Stefan (GER)"]
[Black "Kitzler Gerhard"]
[Result "1-0"]
[WhiteElo "2003"]
[BlackElo "1060"]

1.d4 Nf6 2.Nf3 d5 3.c4 e6 4.g3 Bb4+ 5.Bd2 Qd6 6.Qc2 Ne4 7.Bg2 O-O 8.O-O Nxd2
9.Nbxd2 c6 10.a3 Ba5 11.b4 Bd8 12.Rac1 Bf6 13.e4 Qd8 14.e5 Be7 15.c5 Na6
16.Ra1 Nc7 17.Nb1 a5 18.Nc3 Bd7 19.Rfb1 Nb5 20.a4 Nxc3 21.Qxc3 Qc7 22.b5 cxb5
23.axb5 b6 24.c6 Be8 25.Bf1 f6 26.Bd3 Bb4 27.Qc2 g6 28.Rxb4 f5 29.Rbb1 Kg7
30.Ng5 Qe7 31.Qd2 h6 32.Nf3 Bf7 33.h4 Rfc8 34.Kg2 Rc7 35.Rh1 Rac8 36.Qf4 Qf8
37.Nh2 Qe7 38.Nf3 Kh7 39.Nd2 Kg7 40.Nf3 Qd8 41.Qc1 Qe7 42.Qc3 Be8 43.Rhc1 g5
44.hxg5 hxg5 45.Rh1 Bxc6 46.bxc6 Rxc6 47.Qd2 Rg8 48.Rh2 Kf8 49.Rah1 Qd8 50.Rh8
Rc7 51.Rxg8+ Kxg8 52.Qxg5+ Qxg5 53.Nxg5 Re7 54.Rb1 {#r} 1-0

[Event "Memorial Ken Smith"]
[Site "masterchessopen.com Dallas (USA)"]
[Round "0"]
[White "Zaremba Andrie (USA)"]
[Black "Milovanovic Rade (USA)"]
[Result "0-1"]
[WhiteElo "2290"]
[BlackElo "2422"]

1.d4 Nf6 2.Nf3 d5 3.c4 e6 4.g3 Bb4+ 5.Bd2 Be7 6.Bg2 O-O 7.cxd5 exd5 8.O-O c6
9.Nc3 Bf5 10.Bg5 Nbd7 11.Rc1 h6 12.Bf4 Ne4 13.Nd2 Nxd2 14.Qxd2 Nb6 15.b3 a5
16.a4 Ba3 17.Rcd1 Re8 18.f3 Bb4 19.Rfe1 c5 20.Rc1 Rc8 21.Kh1 cxd4 22.Qxd4 Bc5
23.Qd1 Ba3 24.Nb5 Bxc1 25.Bxc1 Bc2 26.Qd4 Bxb3 27.Bb2 f6 28.Bh3 Rc4 29.Qd3 Bc2
30.Qd2 Bxa4 31.Nd4 Bd7 32.Nf5 Bxf5 33.Bxf5 Rc6 34.Qf4 Nc4 35.Ba1 Ne3 36.Bd3
Qd6 37.Qh4 Qb4 38.g4 Nc2 {#R} 0-1

[Event "Memorial Kesarovski - Georgiev (open)"]
[Site "masterchessopen.com Sunny Beach (Bulgaria)"]
[Date "2007.09.15"]
[Round "6"]
[White "Ljangov Petar (BUL)"]
[Black "Persson Mats Ove (SWE)"]
[Result "0-1"]
[WhiteElo "2163"]
[BlackElo "2025"]

1.Nf3 e6 2.c4 Nf6 3.g3 d5 4.d4 Bb4+ 5.Bd2 a5 6.cxd5 exd5 7.Bg2 O-O 8.O-O Re8
9.a3 Bd6 10.Nc3 c6 11.Re1 Bg4 12.h3 Bh5 13.Bg5 Nbd7 14.Qc1 Qb6 15.Be3 Qc7
16.Bf4 Bxf4 17.gxf4 Qb6 18.e3 Bxf3 19.Bxf3 Nf8 20.Rb1 Ng6 21.Qc2 Nh4 22.Bh1
Qd8 23.Ne2 Qd7 24.Kh2 Ne4 25.Ng3 f5 26.Rg1 Re6 27.Nh5 Rg6 28.Ng3 Rh6 29.Qe2
Re8 30.Nh5 Re7 31.Ng3 Nf6 32.Rgc1 Ne4 33.Rg1 Qe6 34.Rbe1 Nf6 35.Rgf1 Ng6
36.Bg2 Qd7 37.Qc2 Ne4 38.Qd1 Nh4 39.Bh1 Kh8 40.Qc2 Nd6 41.Rg1 Kg8 42.Qd2 Ne4
43.Qc2 Ng6 44.Ref1 Rf7 45.Rc1 Qd8 46.Nxe4 fxe4 47.Rg3 Nh4 48.Rcg1 Qd7 49.Qd2
Nf5 50.Rg4 b6 51.Qe1 a4 52.Qb4 b5 53.Qe1 Rff6 54.Qf1 Rfg6 55.Rxg6 hxg6 56.Rg5
Kh7 57.Qg2 Qe6 58.Qf1 Rh5 59.Rxh5+ gxh5 60.Qg1 Qg6 61.Qxg6+ Kxg6 62.Bg2 Nd6
63.Bf1 Nc4 64.Bxc4 dxc4 65.Kg2 b4 66.d5 cxd5 67.axb4 c3 68.bxc3 a3 {#R} 0-1

[Event "Memorial Kopylov (KO-system)"]
[Site "masterchessopen.com Ufa (Russia)"]
[Date "2011.12.16"]
[Round "1"]
[White "Ibragimov Maxim (RUS)"]
[Black "Nozdrin Alexander V (RUS)"]
[Result "0-1"]
[WhiteElo "2189"]
[BlackElo "2376"]

1.d4 d5 2.Nf3 Nf6 3.c4 e6 4.g3 Bb4+ 5.Bd2 Bxd2+ 6.Nbxd2 O-O 7.Bg2 b6 8.O-O Bb7
9.Qc2 Nbd7 10.Ne5 c6 11.Qa4 Nxe5 12.dxe5 Nd7 13.f4 b5 14.cxb5 Qb6+ 15.Kh1 cxb5
16.Qb3 b4 17.e4 Nc5 18.Qc2 Nxe4 19.Nxe4 dxe4 20.Bxe4 Rac8 21.Qg2 Bxe4 22.Qxe4
Rfd8 23.Rad1 g6 24.g4 Rxd1 25.Rxd1 Qf2 26.f5 Rc2 {#R} 0-1

[Event "Memorial L.Polugaevsky (open)"]
[Site "masterchessopen.com Samara (Russia)"]
[Date "2011.07.09"]
[Round "5"]
[White "Zubkov Alexander (RUS)"]
[Black "Strunin Anton (RUS)"]
[Result "1-0"]
[WhiteElo "2109"]
[BlackElo "1931"]

1.Nf3 d5 2.d4 Nf6 3.c4 e6 4.g3 Bb4+ 5.Bd2 Bxd2+ 6.Nbxd2 O-O 7.Bg2 Nbd7 8.O-O
Qe7 9.Re1 Ne4 10.Qc2 Ndf6 11.Rac1 c6 12.Ne5 Qb4 13.Nxe4 Nxe4 14.a3 Qb6 15.c5
Qb5 16.Bxe4 dxe4 17.Nc4 f5 18.f3 exf3 19.exf3 Rf6 20.Re5 Bd7 21.Nd6 Qa6 22.Qb3
Raf8 23.Rc4 b5 24.cxb6 Qxb6 25.Rb4 Qd8 26.Rb7 Bc8 27.Nxc8 Qxd4+ 28.Qe3 Qxe3+
29.Rxe3 Rxc8 30.Rxa7 c5 31.Rb7 g5 32.a4 Ra8 33.Ra3 f4 34.a5 Ra6 35.Rb6 e5
36.Rxf6 Rxf6 37.a6 Rf8 38.Kf2 Kf7 39.a7 Ra8 40.gxf4 exf4 41.Ra6 Kg7 42.Ke2 c4
43.Kd2 h5 44.Kc3 g4 45.fxg4 hxg4 46.Kd4 Kh7 47.Ke4 f3 48.Ke3 Kg7 49.Ra4 Kf6
50.Rxc4 Rxa7 51.Rxg4 Ra2 52.Rb4 Kg5 53.Kxf3 Ra1 54.Rg4+ Kf5 55.Rg2 Ra4 56.b3
Rh4 57.Rf2 Rb4 58.Ke2+ Ke5 59.Rf3 Rh4 60.h3 Kd5 61.Rd3+ Kc5 62.Kf2 Kb4 63.Kg3
Rh5 64.h4 Rh8 65.Kg4 Rg8+ 66.Kf5 Rh8 67.Rh3 Kc5 68.h5 Kd6 69.Kf6 Rh7 70.h6 Kd7
71.Kg6 Rh8 72.h7 Ke7 73.Kg7 {#r} 1-0

[Event "Memorial L.Rudenko (w)"]
[Site "masterchessopen.com St. Petersburg (Russia)"]
[Date "2005.08.25"]
[Round "6"]
[White "Sorokina Anastasia (RUS)"]
[Black "Butneva Larisa (RUS)"]
[Result "1-0"]
[WhiteElo "2063"]
[BlackElo "1963"]

1.d4 Nf6 2.c4 e6 3.g3 d5 4.Nf3 Bb4+ 5.Bd2 Qe7 6.a3 Bxd2+ 7.Nbxd2 b6 8.Bg2 Bb7
9.O-O O-O 10.Rc1 c5 11.Qc2 Nbd7 12.Rfd1 Rfc8 13.Qb1 dxc4 14.Nxc4 Be4 15.Qa1
Rc7 16.Ncd2 Bd5 17.Qb1 Rac8 18.e4 Bb7 19.e5 Ne8 20.Re1 h6 21.Rcd1 cxd4 22.Nxd4
Bxg2 23.Kxg2 Qc5 24.N2f3 Qe7 25.b4 a6 26.Qb2 b5 27.Nb3 Rc4 28.Nfd2 Rc3 29.Ne4
R3c4 30.Na5 Rc2 31.Qd4 Nf8 32.Nc5 R8xc5 33.bxc5 Rxc5 34.Qb4 Qc7 35.Nb3 Rc4
36.Qd2 Qc6+ 37.Kg1 Rc2 38.Nd4 Rxd2 39.Nxc6 {#r} 1-0

[Event "Memorial M.Bobotsov (open)"]
[Site "masterchessopen.com Sofia (Bulgaria)"]
[Date "2010.05.01"]
[Round "2"]
[White "Bratanov Zsivko (BUL)"]
[Black "Krastev Goran (BUL)"]
[Result "1-0"]
[WhiteElo "2467"]
[BlackElo "1968"]

1.d4 d5 2.Nf3 Nf6 3.c4 e6 4.g3 Bb4+ 5.Bd2 Bxd2+ 6.Nbxd2 Nbd7 7.Qc2 O-O 8.Bg2
c6 9.O-O Re8 10.e4 dxe4 11.Nxe4 e5 12.Nxf6+ Qxf6 13.Rfe1 Qg6 14.Qxg6 hxg6
15.dxe5 Nc5 16.Re3 Be6 17.Ng5 Rad8 18.b4 Na6 19.Nxe6 Rxe6 20.a3 Nc7 21.Bf3 Rd4
22.Rd1 Rxc4 23.Rd7 Nd5 24.Bxd5 cxd5 25.Rxd5 Re7 26.f4 Rec7 27.Rd8+ Kh7 28.e6
Rc1+ 29.Kg2 R7c2+ 30.Kh3 fxe6 31.Rxe6 Rh1 32.Ree8 g5 33.f5 Rhxh2+ 34.Kg4 Rc4+
35.Kxg5 {#r} 1-0

[Event "Memorial M.Chigorin (open)"]
[Site "masterchessopen.com St. Petersburg (Russia)"]
[Round "5"]
[White "Kirusha Andrey (RUS)"]
[Black "Nikanorov Andrej (RUS)"]
[Result "1-0"]
[WhiteElo "2400"]
[BlackElo "2265"]

1.Nf3 Nf6 2.c4 e6 3.g3 d5 4.d4 Bb4+ 5.Bd2 Bxd2+ 6.Nbxd2 b6 7.Bg2 Bb7 8.cxd5
exd5 9.Qa4+ Qd7 10.Qxd7+ Nbxd7 11.O-O O-O 12.Rac1 c5 13.Rfd1 Rfe8 14.e3 Rac8
15.Bh3 Rcd8 16.dxc5 bxc5 17.Bg2 Rc8 18.Ne1 Ne5 19.Ndf3 c4 20.Nxe5 Rxe5 21.Nf3
Re7 22.Nd4 g6 23.Rc3 a5 24.Rdc1 Rd8 25.b3 cxb3 26.Rxb3 a4 27.Rb4 Ra8 28.a3 Ra5
29.Bf1 Ne4 30.Nc6 Bxc6 31.Rxc6 Raa7 32.Be2 Kg7 33.Bd3 f5 34.Kg2 Kf7 35.Bc2
Rec7 36.Rxa4 Rab7 37.Rxc7+ Rxc7 38.Bb3 Ke6 39.Ra5 Nf6 40.Rb5 Rc1 41.Rb6+ Ke7
42.a4 Ra1 43.Rb5 h6 44.a5 Ra3 45.Bxd5 Nxd5 46.Rxd5 Ra2 47.Rb5 Kf7 48.h4 h5
49.Kf3 Kg7 50.Kf4 Rxf2+ 51.Kg5 Ra2 52.Rb7+ Kf8 53.Ra7 Ra3 54.a6 Rxe3 55.Rb7
{#r} 1-0

[Event "Memorial M.Chigorin (open)"]
[Site "masterchessopen.com St. Petersburg (Russia)"]
[Date "2009.10.23"]
[Round "8"]
[White "Sichinava Zviad (RUS)"]
[Black "Utkin Alexander (RUS)"]
[Result "0-1"]
[WhiteElo "2307"]
[BlackElo "2160"]

1.d4 d5 2.c4 e6 3.Nf3 Nf6 4.g3 Bb4+ 5.Bd2 Be7 6.Bg2 c6 7.Qc2 O-O 8.O-O Nbd7
9.Bf4 a5 10.Nbd2 Nh5 11.e4 Nxf4 12.gxf4 dxe4 13.Nxe4 Qc7 14.Qd2 Rd8 15.Qe3 Nf8
16.Kh1 Ng6 17.Ne5 c5 18.Nxg6 hxg6 19.dxc5 Bd7 20.a3 a4 21.Rfd1 Bc6 22.Kg1 Bxe4
23.Bxe4 Bxc5 24.Qf3 Rxd1+ 25.Rxd1 Rd8 26.Rxd8+ Qxd8 27.Bxb7 Qd4 28.Qe2 Qxf4
29.Qc2 Bd6 30.Kf1 Bc5 31.h3 Qf5 32.Qxf5 gxf5 33.Ke2 Bd4 34.c5 Bxc5 35.Kd3 Bxf2
36.Bc6 g5 37.Bxa4 g4 38.hxg4 fxg4 39.Bc6 Kf8 40.b4 Ke7 41.a4 Kd6 42.Bg2 f5
43.a5 e5 44.Bb7 g3 45.Ke2 e4 46.b5 Ke5 47.b6 f4 {#R} 0-1

[Event "Memorial M.Chigorin (open)"]
[Site "masterchessopen.com St. Petersburg (Russia)"]
[Round "4"]
[White "Neverov Valeriy (UKR)"]
[Black "Demina Julia (RUS)"]
[Result "1-0"]
[WhiteElo "2519"]
[BlackElo "2336"]

1.Nf3 Nf6 2.c4 e6 3.g3 d5 4.d4 Bb4+ 5.Bd2 Bxd2+ 6.Nbxd2 O-O 7.Bg2 b6 8.cxd5
exd5 9.Rc1 Bb7 10.O-O c6 11.Ne5 Nfd7 12.Nd3 Qf6 13.e3 Re8 14.Rc3 a5 15.Qb3 Ra7
16.Rfc1 Ba8 17.Nf3 Qd6 18.Nfe5 Nxe5 19.Nxe5 c5 20.Qb5 Rae7 21.Rb3 cxd4 22.exd4
f6 23.Nd3 Nd7 24.h4 g5 25.hxg5 fxg5 26.Bh3 Rb8 27.Rbc3 Nf8 28.Ne5 Kg7 29.Nc6
Bxc6 30.Rxc6 Qd8 31.Qd3 Rf7 32.Qe3 Qe7 33.Be6 Nxe6 34.Rxe6 Qd8 35.Rcc6 g4
36.Qe5+ Kg8 37.Qh5 Rg7 38.Rcd6 Qc8 39.Qxd5 Kh8 40.Rc6 Qd8 41.Qe5 b5 42.d5 b4
43.d6 Kg8 44.Rc7 {#r} 1-0